000 01165nam a22002537a 4500
005 20140903112835.0
008 140612s2013 ck ad gr 000 0dspa d
020 _a9789587615142
041 _aspa
044 _ack
082 0 4 _a333.9516
_bD47
245 0 0 _aDeterminantes científicas, económicas y socio-ambientales de la bioprospección en Colombia (2003-2012).
_cEditores Catalina Toro Pérez, Luz Marina Melgarejo.
260 _aBogotá
_bUniversidad Nacional de Colombia. Facultad de Derecho, Ciencias Políticas y Sociales. Instituto de Genética. Maestría de Biociencias y Derecho :
_bColciencias,
_c2013.
300 _a341 p.
_bil., gráficas
_c24 cm.
504 _aIncluye referencias bibliograficas
650 4 _aBioprospecciín
_vinvestigaciones
_vaspectos jurídicos
_yColombia
_926342
650 4 _aDiversidad biológica
_xaspectos jurídicos
_926343
650 4 _aBiotecnología
_xaspectos sociales
_926344
650 4 _aDerechos de propiedad intelectual
_95263
650 4 _aConservación de los recursos naturales
_926345
700 1 _aMelgarejo, Luz Marina,
_eed.
_913451
700 1 _aToro-Pérez, Catalina,
_eed.
_926346
942 _2ddc
_cLIBRO
999 _c8657
_d8657